00358nam a2200145Ia 4500003000400000005001700004008004100021040000700062041000800069082001900077100003800096245003200134260003300166365001300199OSt20230531112748.0210423s1998 xx 000 0 und d cAL aeng a658.3 SURB223 aALL INDIA MANAGEMENT ASSOCIATION. aBusiness leader strategies. aNew DelhibExcel Booksc1998 b125cINR